Satellites naturels d'Uranus - Statistiques

Statistiques générales
  • Ce quiz a été pris 31 fois
  • Le résultat moyen est 17 sur 27
Statistiques - réponses
Désignation permanente Satellite % Correct
I Ariel
92%
V Miranda
92%
IV Obéron
92%
III Titania
92%
II Umbriel
92%
XV Puck
75%
XXIV Ferdinand
67%
XI Juliette
67%
XXVI Mab
67%
XIV Belinda
58%
VIII Bianca
58%
IX Cressida
58%
XXVII Cupid
58%
VII Ophélie
58%
XXV Perdita
58%
XII Portia
58%
XVI Caliban
50%
VI Cordélia
50%
X Desdémone
50%
XXII Francisco
50%
XXIII Margaret
50%
XVIII Prospero
50%
XIX Setebos
50%
XX Stephano
50%
XVII Sycorax
50%
XXI Trinculo
50%
XIII Rosalinde
42%
Aucun quiz correspondant
Distribution des résultats
% des personnes avec chaque résultat
Percentile par nombre de réponses
Votre historique - résultats
Vous n’avez pas pris ce quiz